Statistics for My jokes for April Fools Day

Click here to take the quiz!

General Stats

  • This quiz has been taken 6 times
  • The average score is 1 of 14

Answer Stats

JokeAnswer% Correct
What is in the middle of the EarthR
83%
What do you call a Bull Terrier with no eyesBull Terrer
33%
What greeting is very hotHello
17%
What country rains a lotBahrain
0%
What do you get when you mix a polar bear and a crocodileFrostbite
0%
Knock knock. Who's there. Get. Get whoGet anyone
0%
Why did the winter olympian find a pipeHe did the half-pipe
0%
Why did the robber take a bathHe wanted to get a clean getaway
0%
Why did the bowler throw doughHe was playing baseball
0%
Knock Knock. Who's there. Me. Me whoIt's me too
0%
Why did the chocolate laeve the earthIt was a Mars Bar
0%
Why did the salad say it wanted shoes.It was dressing
0%
Why was the screw messyIt was screwiff
0%
I'm playing on Wii U. Why did I have a cake with itIt was Wii Party U [ for gamers]
0%

Score Distribution

Percentile by Number Answered

Percent of People with Each Score

Your Score History

You have not taken this quiz